| 000 | 01213caa a2200373 i 4500 | ||
|---|---|---|---|
| 001 | 006116070 | ||
| 003 | EG-ScBUE | ||
| 005 | 20240922105907.0 | ||
| 008 | 040420t1991 gw f b 000 0 eng d | ||
| 020 | _a3540540415 | ||
| 020 | _a0387540415 | ||
| 040 |
_aUk _beng _erda _cUk _dEG-ScBUE |
||
| 082 | 0 | 4 |
_222 _a512.55 _bNIE |
| 100 | 1 |
_aNielsen, Torben T., _eauthor. |
|
| 245 | 1 | 0 |
_aBose algebras : _bthe complex and real wave representations / _cTorben T. Nielsen. |
| 264 | 1 |
_aBerlin : _bSpringer, _c[1991] |
|
| 264 | 4 | _cc1991 | |
| 300 |
_a131 pages ; _c18 cm. |
||
| 336 |
_2rdacontent _atext _btxt |
||
| 337 |
_aunmediated _2rdamedia _bn |
||
| 338 |
_avolume _bnc _2rdacarrier |
||
| 490 | 0 |
_aLecture notes in mathematics ; _v1472 |
|
| 504 | _aIncludes bibliographical references. | ||
| 650 | 7 |
_aBose algebras. _2BUEsh |
|
| 650 | 7 |
_2BUEsh _aRepresentations of groups. |
|
| 650 | 7 |
_2BUEsh _96575 _aMathematical physics. |
|
| 651 | _2BUEsh | ||
| 653 |
_bGGEN _cDecember2017 |
||
| 655 | _vReading book | ||
| 856 |
_31850-9999 _uhttp://www.springer.com/gb/ |
||
| 942 |
_2ddc _cBB |
||
| 945 | _aLecture notes in mathematics - Springer Verlag ; 1472 | ||
| 999 |
_c25721 _d25693 |
||